GPS Tracking with Java EE Components: Challenges of Connected Cars

ग्रंथसूची विवरण
मुख्य लेखक: Kristof Beiglböck
स्वरूप: अज्ञात
प्रकाशित: Routledge
LEADER 00229 a2200085 4500
020 |a 9781138054943 
100 |a Kristof Beiglböck 
245 |a GPS Tracking with Java EE Components: Challenges of Connected Cars 
260 |b Routledge 
999 |c 40450  |d 40450